Zrínyi és a magyar önismeret

Elmentve itt :
Bibliográfiai részletek
Szerző: Fábián István
Adatforrás:Philobibl
Forrásdokumentuma:Szellem és élet 1941/4
215-222. p.
Dokumentumtípus: Cikk
Nyelv:magyar
LEADER 00288nab a2200097 c 4500
001 bibDOK00011821
005 20200924120722.2
008 060518s1941 hu hun
100 1 |a Fábián István 
245 1 0 |a Zrínyi és a magyar önismeret  |c Fábián István 
773 0 |t Szellem és élet 1941/4  |g 215-222. p.